Estimation models to understand the chemodynamics of diverse organic pollutants for organisms and passive sampler. (Record no. 532811)

000 -LEADER
fixed length control field 00839nam a22002177a 4500
003 - CONTROL NUMBER IDENTIFIER
control field NUST
005 - DATE AND TIME OF LATEST TRANSACTION
control field 20191203112301.0
008 - FIXED-LENGTH DATA ELEMENTS--GENERAL INFORMATION
fixed length control field 191203b ||||| |||| 00| 0 eng d
038 ## - RECORD CONTENT LICENSOR
Staff Name IESE
040 ## - CATALOGING SOURCE
Transcribing agency 0
082 ## - DEWEY DECIMAL CLASSIFICATION NUMBER
Classification number 363.7
Author Mark NAS
100 ## - MAIN ENTRY--PERSONAL NAME
Personal name Naseem,Sana
9 (RLIN) 26418
245 ## - TITLE STATEMENT
Title Estimation models to understand the chemodynamics of diverse organic pollutants for organisms and passive sampler.
Statement of responsibility, etc. Sana Naseem
260 ## - PUBLICATION, DISTRIBUTION, ETC.
Place of publication, distribution, etc. Islamabad
Name of publisher, distributor, etc. IESE (SCEE) NUST
Date of publication, distribution, etc. 2019
300 ## - PHYSICAL DESCRIPTION
Extent 47p.
Other physical details H.B
440 ## - SERIES STATEMENT/ADDED ENTRY--TITLE
Title MS Environmental Science
9 (RLIN) 1724
500 ## - GENERAL NOTE
General note Thesis MS ES
650 ## - SUBJECT ADDED ENTRY--TOPICAL TERM
Topical term or geographic name entry element Environmental Science
9 (RLIN) 1725
700 ## - ADDED ENTRY--PERSONAL NAME
Relator code Dr. Deedar Nabi (Supervisor)
942 ## - ADDED ENTRY ELEMENTS (KOHA)
Source of classification or shelving scheme
Koha item type Thesis
Call number prefix IESE
Holdings
Withdrawn status Lost status Source of classification or shelving scheme Damaged status Not for loan Permanent Location Current Location Shelving location Date acquired Total Checkouts Full call number Barcode Date last seen Price effective from Koha item type
        Not For Loan Institute of Environmental Science and Engineering (IESE) Institute of Environmental Science and Engineering (IESE) Thesis 12/03/2019   363.7 NAS IESE-T-650 12/03/2019 12/03/2019 Thesis
        Not For Loan Institute of Environmental Science and Engineering (IESE) Institute of Environmental Science and Engineering (IESE) Thesis 02/04/2020   363.7 NAS IESE-T-712 02/04/2020 02/04/2020 Thesis
        Not For Loan Institute of Environmental Science and Engineering (IESE) Institute of Environmental Science and Engineering (IESE) Thesis 02/04/2020   363.7 NAS IESE-T-713 02/04/2020 02/04/2020 Thesis
© 2023 Central Library, National University of Sciences and Technology. All Rights Reserved.